| 000 | 00746nam a2200229 4500 | ||
|---|---|---|---|
| 001 | 27281 | ||
| 003 | UkOxU | ||
| 005 | 20211209051132.0 | ||
| 008 | 140324|1960 ii f000 0 eng d | ||
| 035 | _a(BD-RjUL)27353 | ||
| 035 | _a(CStRLIN)CUBGGLAD16791118-B | ||
| 040 |
_dCStRLIN _aBD-RjUL _beng _cBD-RjUL |
||
| 041 | _aeng | ||
| 082 | 0 | 0 |
_a954.04 _bFAC 1960 |
| 110 | 1 |
_aIndia. _bMinistry of Information and Broadcasting. _983746 |
|
| 245 | 1 | 0 |
_aFace of new India / _cMinistry of Information and Broadcasting |
| 260 |
_aNew Delhi : _bPublications Division, Ministry of Information and Broadcasting. _c1960. |
||
| 300 |
_a8, [120] p. : _bill. ; _c31 cm |
||
| 651 | 0 |
_aIndia _xEconomic policy. _983733 |
|
| 651 | 0 |
_aIndia. _983734 |
|
| 942 |
_2ddc _cBK |
||
| 999 |
_c27281 _d27281 |
||